000 00689nam a22001935i 4500
001 158335
003 ES-MaACL
005 20230906211111.0
008 040830s1876 gw |||| | eng d
040 _aCAM
_bspa
_cCAM
100 1 _aMacDonald, George (
_d1824-1905)
_975110
245 1 0 _aSt. George and St. Michael /
_cby George Mac Donald.
260 _aLeipzig :
_bBernhard Tauchnitz,
_c1876.
300 _a2 v. (311; 294 p.) ;
_c16 cm.
490 1 _aCollection of british authors ;
_v1551; 1552
830 0 _aCollection of british authors ;
_v1551; 1552
_9180703
852 _aES-MaACL
_jG-12651
_z-- Enc. hol. conservando la cub. original
_z-- 2 t. en 1 v.
999 _c158335
_d158335